Gares de la ligne Nîmes - Le Grau-du-Roi - Statistiques

Statistiques générales
  • Ce quiz a été pris 28 fois
  • Le résultat moyen est 4 sur 8
Statistiques - réponses
Arrêts % Correct
Vauvert
92%
Aigues-Mortes
76%
Saint-Césaire
60%
Aimargues
52%
Saint-Laurent-d'Aigouze
44%
Le Cailar
40%
Générac
32%
Beauvoisin
24%
Aucun quiz correspondant
Distribution des résultats
% des personnes avec chaque résultat
Percentile par nombre de réponses
Votre historique - résultats
Vous n’avez pas pris ce quiz